A Handbook on Commissioner for Oaths and Notaries Public : (Record no. 1967)

000 -LEADER
fixed length control field nam a22 a 4500
003 - CONTROL NUMBER IDENTIFIER
control field AKMAL
005 - DATE AND TIME OF LATEST TRANSACTION
control field 20170512155317.0
008 - FIXED-LENGTH DATA ELEMENTS--GENERAL INFORMATION
fixed length control field 1705 s1997 my | e l 000 0 eng d
020 ## - INTERNATIONAL STANDARD BOOK NUMBER
International Standard Book Number 9678907658 (pbk.):
Terms of availability RM 15.00
039 #9 - LEVEL OF BIBLIOGRAPHIC CONTROL AND CODING DETAIL [OBSOLETE]
Level of rules in bibliographic description 200908271501
Level of effort used to assign nonsubject heading access points nurulnaida
Level of effort used to assign subject headings 200908271500
Level of effort used to assign classification nurulnaida
Level of effort used to assign subject headings 200908271459
Level of effort used to assign classification nurulnaida
040 ## - CATALOGING SOURCE
Original cataloging agency AKMAL
Transcribing agency AKMAL
043 ## - GEOGRAPHIC AREA CODE
Geographic area code a-my---
049 ## - LOCAL HOLDINGS (OCLC)
Holding library mal
082 04 - DEWEY DECIMAL CLASSIFICATION NUMBER
Classification number 350.1342 HAN
Edition number 22
090 00 - LOCALLY ASSIGNED LC-TYPE CALL NUMBER (OCLC); LOCAL CALL NUMBER (RLIN)
Classification number (OCLC) (R) ; Classification number, CALL (RLIN) (NR) 350.1342
Local cutter number (OCLC) ; Book number/undivided call number, CALL (RLIN) HAN
245 02 - TITLE STATEMENT
Title A Handbook on Commissioner for Oaths and Notaries Public :
Remainder of title (as at 15th March 1997) /
Statement of responsibility, etc. compiled by S. Sivaswamy and S. Ramaswamy
250 ## - EDITION STATEMENT
Edition statement 2nd ed.
260 ## - PUBLICATION, DISTRIBUTION, ETC.
Place of publication, distribution, etc. Kuala Lumpur :
Name of publisher, distributor, etc. International Law Book Services,
Date of publication, distribution, etc. 1997
300 ## - PHYSICAL DESCRIPTION
Extent v, 78p. ;
Dimensions 25cm
650 10 - SUBJECT ADDED ENTRY--TOPICAL TERM
Topical term or geographic name entry element Oaths
Geographic subdivision Malaysia
Form subdivision Handbooks, manuals, etc.
9 (RLIN) 4073
650 20 - SUBJECT ADDED ENTRY--TOPICAL TERM
Topical term or geographic name entry element Notaries
Geographic subdivision Malaysia
Form subdivision Handbooks, manuals, etc.
9 (RLIN) 4074
700 1# - ADDED ENTRY--PERSONAL NAME
Personal name Sivaswamy, S.
9 (RLIN) 3899
700 1# - ADDED ENTRY--PERSONAL NAME
Personal name Ramaswamy, S.
9 (RLIN) 3841
942 ## - ADDED ENTRY ELEMENTS (KOHA)
Source of classification or shelving scheme
Koha item type Book
Holdings
Withdrawn status Lost status Source of classification or shelving scheme Damaged status Not for loan Collection code Home library Current library Date acquired Inventory number Total Checkouts Full call number Barcode Date last seen Price effective from Koha item type
          NON-FICTION AKMAL Melaka AKMAL Melaka 12.05.2017 002971   350.1342 HAN 201705937 12.05.2017 12.05.2017 Book
          NON-FICTION AKMAL Melaka AKMAL Melaka 12.05.2017 002972   350.1342 HAN 201705938 12.05.2017 12.05.2017 Book
Pusat Sumber Maklumat Dato' Haji Sarmin Md Hussin, Akademi Kastam Diraja Malaysia, Melaka
Tel: 06-2331106 | Faks: 06-2313787